| 000 | 00000nam 2200000za 4500 |
| 001 | 9.696305 |
| 003 | CaOODSP |
| 005 | 20250319163726 |
| 007 | cr ||||||||||| |
| 008 | 150407|2000||||xxc|||||o f|0| 0 eng d |
| 040 | |aCaOODSP|beng |
| 043 | |an-cn--- |
| 086 | 1 |aR32-163/2000E-PDF |
| 110 | 1 |aCanada. |bIndian and Northern Affairs Canada. |
| 245 | 10|aComparison of social conditions, 1991 and 1996 : |h[electronic resource]|bRegistered Indians, Registered Indians living on reserve and the total population of Canada |
| 260 | |bIndian and Northern Affairs |c2000. |
| 300 | |a12p.|breferences, tables |
| 500 | |aThe catalogue number (R32-163/2000) and ISBN (0-662-64763-7) for the bilingual print edition have been incorrectly copied in this electronic publication. |
| 590 | |a12-28-Supp|b2012-06-15 |
| 690 | 07|aComparison|2gcpds |
| 690 | 07|aFirst Nations|2gcpds |
| 690 | 07|aSocial conditions|2gcpds |
| 775 | 08|tAnalyse des conditions socioéconomiques de 1991 et de 1996 : |w(CaOODSP)9.640424 |
| 776 | 0#|tComparison of social conditions, 1991 and 1996 : |w(CaOODSP)9.661655 |
| 776 | 0#|tAnalyse des conditions socioéconomiques de 1991 et de 1996 : |w(CaOODSP)9.661656 |
| 856 | 40|ahttp://publications.gc.ca|qPDF|s278 KB|uhttps://publications.gc.ca/collections/Collection/R32-163-2000E.pdf |
| 986 | |aQS-3618-000-BB-A1 |